000 00427nam a2200145Ia 4500
008 230917s9999||||xx |||||||||||||| ||und||
040 _e158908
_aMAIN
041 _aEnglish
082 _a030.954 I2I(1984)
100 _aIndia, Ministry of Information and Broadcasting
245 0 _aIndia 1984: A reference annual
260 _aNew Delhi
_bIndia, Ministry of Information & Broadcasting
_c1906
300 _a659 p.
942 _cBK
999 _c46051
_d46051